000 00544nam a2200169Ia 4500
003 GCL
008 140319s9999 xx 000 0 ara d
040 _aGCL /
_cGCL
082 0 4 _a398.2
_bح ن
100 1 _aحكمت شريف
245 1 0 _aنوادر جحا الكبرى (هدية من الاديب عبدالفتاح الجمل) /
_cحكمت شريف
300 _a272 ص
490 _aالهيئة العامة للاستعلامات
_v0
650 0 4 _aالادب الشعبى
650 0 4 _aالنوادر الشعبية
942 _2ddc
_cBK
999 _c47141
_d47141